Women And Peacebuilding: (Record no. 195205)

MARC details
000 -LEADER
fixed length control field 00751nam a22002177a 4500
003 - CONTROL NUMBER IDENTIFIER
control field dpl
005 - DATE AND TIME OF LATEST TRANSACTION
control field 20230921110643.0
008 - FIXED-LENGTH DATA ELEMENTS--GENERAL INFORMATION
fixed length control field 230306b ||||| |||| 00| 0 eng d
010 ## - LIBRARY OF CONGRESS CONTROL NUMBER
LC control number ENG-136349
020 ## - INTERNATIONAL STANDARD BOOK NUMBER
International Standard Book Number 9788195302420
Terms of availability 150.00
035 ## - SYSTEM CONTROL NUMBER
System control number EN-119881
040 ## - CATALOGING SOURCE
Transcribing agency 0
082 ## - DEWEY DECIMAL CLASSIFICATION NUMBER
Classification number 303.66
245 ## - TITLE STATEMENT
Title Women And Peacebuilding:
Remainder of title Perspective from the field/
Statement of responsibility, etc Edited By Meenal Tula and Kusumika Ghosh
260 ## - PUBLICATION, DISTRIBUTION, ETC. (IMPRINT)
Place of publication, distribution, etc Guwahati
Name of publisher, distributor, etc North Eastern Social Research Centre
270 ## - ADDRESS
Address Jagriti 2nd Floor,Arunodoi Path,GMCH Road,Christian Basti
City Guwahati
Postal code 781005
Electronic mail address nesrcghy@gmail.com
300 ## - PHYSICAL DESCRIPTION
Extent 186 p.
Dimensions 22hb
700 ## - ADDED ENTRY--PERSONAL NAME
Personal name Tula,Meenal
Relator term Editor
9 (RLIN) 57232
700 ## - ADDED ENTRY--PERSONAL NAME
Personal name Ghosh,Kusumika
Relator term Editor
9 (RLIN) 57233
942 ## - ADDED ENTRY ELEMENTS (KOHA)
Source of classification or shelving scheme Dewey Decimal Classification
Koha item type English Books
Classification part 303.66
Call number suffix WOM
Holdings
Withdrawn status Lost status Source of classification or shelving scheme Damaged status Not for loan Collection code Home library Current library Date acquired Source of acquisition Cost, normal purchase price Total Checkouts Full call number Barcode Date last seen Copy number Price effective from Koha item type
    Dewey Decimal Classification     Non-fiction D.B.Act.Division Mobile Library 06/03/2023 DBAB/PUB 150.00   303.66 WOM EN-119881 06/03/2023 1 06/03/2023 English Books

© Delhi Public Library
Hit Counter
free hit counter